|
|
|
|
| LEADER |
00000nam0a2200000 4500 |
| 001 |
144001 |
| 005 |
20231031143506.0 |
| 010 |
|
|
|a 9785866562107
|
| 035 |
|
|
|a (RuTPU)RU\TPU\book\156066
|
| 035 |
|
|
|a RU\TPU\book\24039
|
| 090 |
|
|
|a 144001
|
| 100 |
|
|
|a 20080929d2000 m y0rusy50 ca
|
| 101 |
0 |
|
|a rus
|
| 102 |
|
|
|a RU
|
| 105 |
|
|
|a a j 001zy
|
| 200 |
1 |
|
|a Тепломассообмен в ядерных энергетических установках
|e учебное пособие для вузов
|f П. Л. Кириллов, Г. П. Богословская
|
| 205 |
|
|
|a 2-е изд., перераб.
|
| 210 |
|
|
|a Москва
|c ИздАт
|d 2008
|
| 215 |
|
|
|a 256 с.
|c ил.
|
| 320 |
|
|
|a Библиогр.: с. 250.
|
| 320 |
|
|
|a Условные обозначения: с. 5-8.
|
| 330 |
|
|
|a Содержание учебного пособия охватывает широкий круг вопросов тепломассообмена, которые наиболее часто встречаются в проблемах ядерной энергетики. Основное внимание уделено изложению физических аспектов явлений. В книгу включены сведения о теплообмене теплопроводностью, конвекцией, излучением, а также основные принципы теплогидравлических расчетов активных зон реакторов, теплообменников, парогенераторов. Рассматриваются особенности процессов теплообмена в различных режимах работы ядерного реактора, в том числе при аварийных ситуациях. Для студентов старших курсов специальностей физико-энергетического профиля, для инженеров ядерно-физических установок. Допущено Росатомом в качестве учебного пособия для студентов высших учебных заведений, обучающихся по специальности "Атомные электрические станции и установки".
|
| 451 |
|
1 |
|0 (RuTPU)RU\TPU\book\24039
|y 5-283-03636-7
|t Тепломассообмен в ядерных энергетических установках
|o учебник для вузов
|f П. Л. Кириллов, Г. П. Богословская
|c М.
|n Энергоатомиздат
|d 2000
|p 456 с.
|a Кириллов, Павел Леонидович
|
| 610 |
1 |
|
|a ядерная энергетика
|
| 610 |
1 |
|
|a энергетические установки
|
| 610 |
1 |
|
|a ядерные реакторы
|
| 610 |
1 |
|
|a тепловыделение
|
| 610 |
1 |
|
|a теплопроводность
|
| 610 |
1 |
|
|a стационарные процессы
|
| 610 |
1 |
|
|a нестационарные процессы
|
| 610 |
1 |
|
|a конвективный тепломассообмен
|
| 610 |
1 |
|
|a массоперенос
|
| 610 |
1 |
|
|a конденсация
|
| 610 |
1 |
|
|a кипение
|
| 610 |
1 |
|
|a гидродинамика
|
| 610 |
1 |
|
|a двухфазные потоки
|
| 610 |
1 |
|
|a однофазные потоки
|
| 610 |
1 |
|
|a теплообмен излучением
|
| 610 |
1 |
|
|a теплообмен при кипении
|
| 610 |
1 |
|
|a кризис
|
| 610 |
1 |
|
|a сложный теплообмен
|
| 610 |
1 |
|
|a аварийные ситуации
|
| 610 |
1 |
|
|a теплообменники
|
| 610 |
1 |
|
|a парогенераторы
|
| 610 |
1 |
|
|a расчет
|
| 610 |
1 |
|
|a учебные пособия
|
| 675 |
|
|
|a 621.039.55(075.8)
|v 3
|
| 700 |
|
1 |
|a Кириллов
|b П. Л.
|g Павел Леонидович
|
| 701 |
|
1 |
|a Богословская
|b Г. П.
|g Галина Павловна
|
| 801 |
|
0 |
|a RU
|b 63413507
|c 20011209
|g PSBO
|
| 801 |
|
2 |
|a RU
|b 63413507
|c 20150609
|g PSBO
|
| 900 |
|
|
|a Гидродинамика и теплообмен в ядерном реакторе
|
| 900 |
|
|
|a Методы и техника преобразования энергии деления ядер в тепловую энергию
|
| 900 |
|
|
|a Термодинамика и тепломассообмен
|
| 900 |
|
|
|a Тепломассообмен в энергетическом оборудовании
|
| 942 |
|
|
|c BK
|
| 959 |
|
|
|a 79/20090629
|d 17
|e 0
|f УФ:17
|